000 00864 a2200253 4500
003 OSt
005 20180116192342.0
008 120529t xxu||||| |||| 00| 0 eng d
020 _a9789057681301 (paperback)
020 _a9789057681301 (paperback)
040 _c0
082 0 4 _a745.40
100 1 _aPress, Pepin.
_92494
245 1 0 _aPersian designs, revised edition /
_cPepin Press.
250 _aPap/Com ed.
260 _aAmsterdam :
_bPepin Press,
_c2009.
300 _a144 p. :
_bill. ;
_c22 cm.
490 1 _aAgile rabbit editions.
650 1 0 _aDecoration and ornament
_xThemes, motives
_zIran
_92495
830 0 _aAgile rabbit editions.
_92496
856 4 0 _3Amazon.com
_uhttp://www.amazon.com/exec/obidos/ASIN/9057681307/chopaconline-20
942 _aSADA
_cBK
_k745.40 PRE 2009
_2ddc
999 _c352696
_d352696